000 00766nam a2200229 a 4500
005 20240924070310.0
008 991125m19681979mx 000 0 spa u
020 _a9682308410
035 _aUPN01000004567
049 _aCG
050 4 _aGN362
_bA7.58
245 0 0 _aArte, lenguaje, etnología :
_bentrevistas de Georges Charbonnier con Claude Lévi-Strauss /
_ctr. Francisco González Aramburu.
260 _aMéxico :
_bSiglo XXI,
_c1968 (1979 impr.).
300 _a138 p.
440 0 _aMínima ;
_v14
534 _pTraducción de:
_tEntretiens avec Claude Lévi-Strauss
650 2 _aAnálisis estructural
_9559
650 2 _aEtnología
_94794
600 1 2 _aLévi-Strauss, Claude,
_d1908-2009
_928948
700 1 _aCharbonnier, Georges,
_ecoaut.
905 _aLibro
999 _c4567
_d4567